<?xml version="1.0" encoding="UTF-8"?><?xml-stylesheet type="text/xsl" href="static/style.xsl"?><OAI-PMH xmlns="http://www.openarchives.org/OAI/2.0/" xmlns:xsi="http://www.w3.org/2001/XMLSchema-instance" xsi:schemaLocation="http://www.openarchives.org/OAI/2.0/ http://www.openarchives.org/OAI/2.0/OAI-PMH.xsd"><responseDate>2026-04-17T11:56:32Z</responseDate><request verb="GetRecord" identifier="oai:www.recercat.cat:10230/72947" metadataPrefix="marc">https://recercat.cat/oai/request</request><GetRecord><record><header><identifier>oai:recercat.cat:10230/72947</identifier><datestamp>2026-04-03T00:46:02Z</datestamp><setSpec>com_2072_6</setSpec><setSpec>col_2072_452952</setSpec></header><metadata><record xmlns="http://www.loc.gov/MARC21/slim" xmlns:dcterms="http://purl.org/dc/terms/" xmlns:xsi="http://www.w3.org/2001/XMLSchema-instance" xmlns:doc="http://www.lyncode.com/xoai" xsi:schemaLocation="http://www.loc.gov/MARC21/slim http://www.loc.gov/standards/marcxml/schema/MARC21slim.xsd">
   <leader>00925njm 22002777a 4500</leader>
   <datafield ind2=" " ind1=" " tag="042">
      <subfield code="a">dc</subfield>
   </datafield>
   <datafield ind2=" " ind1=" " tag="720">
      <subfield code="a">Sukno, Federico Mateo</subfield>
      <subfield code="e">author</subfield>
   </datafield>
   <datafield ind2=" " ind1=" " tag="720">
      <subfield code="a">Kelly, Brendan D.</subfield>
      <subfield code="e">author</subfield>
   </datafield>
   <datafield ind2=" " ind1=" " tag="720">
      <subfield code="a">Lane, Abbie</subfield>
      <subfield code="e">author</subfield>
   </datafield>
   <datafield ind2=" " ind1=" " tag="720">
      <subfield code="a">Katina, Stanislav</subfield>
      <subfield code="e">author</subfield>
   </datafield>
   <datafield ind2=" " ind1=" " tag="720">
      <subfield code="a">Rojas, Mario A</subfield>
      <subfield code="e">author</subfield>
   </datafield>
   <datafield ind2=" " ind1=" " tag="720">
      <subfield code="a">Whelan, Paul F.</subfield>
      <subfield code="e">author</subfield>
   </datafield>
   <datafield ind2=" " ind1=" " tag="720">
      <subfield code="a">Waddington, John L.</subfield>
      <subfield code="e">author</subfield>
   </datafield>
   <datafield ind2=" " ind1=" " tag="260">
      <subfield code="c">2026-03-31T08:32:36Z</subfield>
   </datafield>
   <datafield ind2=" " ind1=" " tag="260">
      <subfield code="c">2026-03-31T08:32:36Z</subfield>
   </datafield>
   <datafield ind2=" " ind1=" " tag="260">
      <subfield code="c">2024</subfield>
   </datafield>
   <datafield ind2=" " ind1=" " tag="260">
      <subfield code="c">2026-03-31T08:32:36Z</subfield>
   </datafield>
   <datafield ind2=" " ind1=" " tag="520">
      <subfield code="a">Development of the craniofacies occurs in embryological intimacy with development of the brain and both show normal left-right asymmetries. While facial dysmorphology occurs to excess in psychotic illness, facial asymmetry has yet to be investigated as a putative index of brain asymmetry. Ninety-three subjects (49 controls, 22 schizophrenia, 22 bipolar disorder) received 3D laser surface imaging of the face. On geometric morphometric analysis with (x, y, z) visualisations of statistical models for facial asymmetries, in controls the upper face and periorbital region, which share embryological intimacy with the forebrain, showed marked asymmetries. Their geometry included: along the x-axis, rightward asymmetry in its dorsal-medial aspects and leftward asymmetry in its ventral-lateral aspects; along the z-axis, anterior protrusion in its right ventral-lateral aspect. In both schizophrenia and bipolar disorder these normal facial asymmetries were diminished, with residual retention of asymmetries in bipolar disorder. This geometry of normal facial asymmetries shows commonalities with that of normal frontal lobe asymmetries. These findings indicate a trans-diagnostic process that involves loss of facial asymmetries in both schizophrenia and bipolar disorder. Embryologically, they implicate loss of face-brain asymmetries across gestational weeks 7-14 in processes that involve genes previously associated with risk for schizophrenia.</subfield>
   </datafield>
   <datafield ind1="8" ind2=" " tag="024">
      <subfield code="a">https://hdl.handle.net/10230/72947</subfield>
   </datafield>
   <datafield tag="653" ind2=" " ind1=" ">
      <subfield code="a">Psychosis</subfield>
   </datafield>
   <datafield tag="653" ind2=" " ind1=" ">
      <subfield code="a">Neurodevelopment</subfield>
   </datafield>
   <datafield tag="653" ind2=" " ind1=" ">
      <subfield code="a">Craniofacies</subfield>
   </datafield>
   <datafield tag="653" ind2=" " ind1=" ">
      <subfield code="a">Frontal lobes</subfield>
   </datafield>
   <datafield tag="653" ind2=" " ind1=" ">
      <subfield code="a">3D laser surface imaging</subfield>
   </datafield>
   <datafield tag="653" ind2=" " ind1=" ">
      <subfield code="a">Geometric morphometrics</subfield>
   </datafield>
   <datafield ind2="0" ind1="0" tag="245">
      <subfield code="a">Loss of normal facial asymmetry in schizophrenia and bipolar disorder: implications for development of brain asymmetry in psychotic illness</subfield>
   </datafield>
</record></metadata></record></GetRecord></OAI-PMH>